000 00353nam a2200157Ia 4500
008 100122s9999 xx 000 0 und d
082 _b7645
_a823
100 _aBENTLEY
245 _aTRENTO LAST CASE
250 _a0
260 _bPENGUIN BOOKS
_c1937
300 _a50
630 _aTRENTO LAST CASE
730 _aTRENTO LAST CASE
942 _cBOOK
999 _c443619
_d443616